Vista normal
Vista MARC
Entrada Topical Term
Número de registros utilizados en: 3
001 - CONTROL NUMBER
- control field: 43113
003 - CONTROL NUMBER IDENTIFIER
- control field: OSt
005 - DATE AND TIME OF LATEST TRANSACTION
- control field: 20231219211228.0
008 - FIXED-LENGTH DATA ELEMENTS
- fixed length control field: 231219|| aca||aabn | a|a d
040 ## - CATALOGING SOURCE
- Original cataloging agency: OSt
- Transcribing agency: OSt
150 ## - HEADING--TOPICAL TERM
- Topical term or geographic name entry element: Tiras cómicas
- Geographic subdivision: Argentina
670 ## - SOURCE DATA FOUND
- Source citation: Work cat.: (OSt)30481: Rabanal, Daniel. Autor 41996, Las aventuras de gato: , 2022